Manual de la gerencia de marca: brand management

محفوظ في:
التفاصيل البيبلوغرافية
المؤلف الرئيسي: Arnold, David (مؤلف)
التنسيق: كتاب
اللغة:الإسبانية
منشور في: Bogotá Norma 1993
سلاسل:<The >Economist Books
الموضوعات:
الوسوم: إضافة وسم
لا توجد وسوم, كن أول من يضع وسما على هذه التسجيلة!

MARC

LEADER 00000nam a2200000 a 4500
001 UCU0740
003 CL-VaPUC
008 960329e19930000CK |||||||||||||||||spa|d
082 0 4 |a 658  |b ARN  |2 21 
100 0 |a Arnold, David  |e author  |9 356146 
245 1 0 |a Manual de la gerencia de marca: brand management 
300 |a 349 p 
942 |c BK 
945 |d 19960329 00:00:00  |a rbrito 
260 |a Bogotá  |b Norma  |c 1993 
650 0 |a Gestión   |9 260993 
650 0 |a Marketing  |9 259324 
650 0 |a Mercado  |9 321497 
650 7 |a PROMOCION  |2 CL-VaPUC  |9 356147 
650 0 |a Estudio de casos   |9 257099 
583 |a last modification  |c 19960329 00:00:00  |k Rodrigo Vera 
490 0 |a <The >Economist Books 
999 |c 245553  |d 245551 
952 |0 0  |1 0  |4 0  |6 658_000000000000000_ARN_1993  |7 0  |8 A  |9 260094  |a BIBENE  |b BIBENE  |d 2019-11-19  |i 3179184  |o 658 ARN 1993  |p 3179184  |r 2025-01-15  |w 2019-11-19  |y BK  |k ICO